00429nam a22001454a 450000500170000002000260001703700250004308200120006810000210008024500580010126000420015927000310020130000310023250000200026320100909120232.0 a9781845372972c495.00 bAbilash Book Centre 00a796.352 aFerreira, Brian 10aGolf:cby Brian Ferreirabgetting to the next level / bNew Holland Publishers c2006aLondon a86 Edgware Road, bLondon  a128p. bphotos c25cm(Hb)  aIncludes index